The management of interdependence: a preliminary view

Na minha lista:
Detalhes bibliográficos
Autor principal: Camps, Miriam (Autor)
Formato: Livro
Idioma:inglês
Publicado em: Nueva York Council on Foreign Relations 1974
coleção:Council Papers on International Affairs
Assuntos:
Tags: Adicionar Tag
Sem tags, seja o primeiro a adicionar uma tag!

MARC

LEADER 00000nam a2200000 a 4500
001 UCO8204
003 CL-VaPUC
008 001201e19740000US |||||||||||||||||eng|d
082 0 4 |a 327  |b CAM  |2 21 
100 0 |a Camps, Miriam  |e author  |9 453039 
245 1 4 |a The management of interdependence: a preliminary view 
300 |a 104 p 
942 |c BK 
945 |d 20001201 00:00:00  |a crobeson 
260 |a Nueva York  |b Council on Foreign Relations  |c 1974 
500 |a Donación del profesor Manfred Wilhelmy von Wolff 
650 0 |a Relaciones Internacionales  |9 255740 
650 0 |a Política internacional  |9 255813 
650 0 |a Seguridad internacional  |9 256547 
650 0 |a Economía internacional  |9 258254 
650 0 |a Desarrollo económico y social   |9 256320 
650 7 |a CONTROL DE ARMAMENTOS  |2 CL-VaPUC  |9 354177 
650 0 |a Recursos naturales  |9 255232 
583 |a last modification  |c 20001201 00:00:00  |k Rodrigo Vera 
490 0 |a Council Papers on International Affairs 
999 |c 292931  |d 292929 
952 |0 0  |1 0  |4 0  |6 327_000000000000000_CAM_1974  |7 0  |8 A  |9 344013  |a BIBHIS  |b BIBHIS  |d 2019-11-20  |i 123076K  |o 327 CAM 1974  |p 123076K  |r 2025-01-20  |w 2019-11-20  |y BK  |k HIS